Management: a practical introduction. / (Record no. 7558)
[ view plain ]
| 000 -LEADER | |
|---|---|
| fixed length control field | 01386nam a22002177a 4500 |
| 003 - CONTROL NUMBER IDENTIFIER | |
| control field | OSt |
| 005 - DATE AND TIME OF LATEST TRANSACTION | |
| control field | 20210429140416.0 |
| 008 - FIXED-LENGTH DATA ELEMENTS--GENERAL INFORMATION | |
| fixed length control field | 120201t xxu||||| |||| 00| 0 eng d |
| 020 ## - INTERNATIONAL STANDARD BOOK NUMBER | |
| International Standard Book Number | 09780077720551 |
| 020 ## - INTERNATIONAL STANDARD BOOK NUMBER | |
| International Standard Book Number | 0077720555 |
| 040 ## - CATALOGING SOURCE | |
| Transcribing agency | LC |
| 050 ## - LIBRARY OF CONGRESS CALL NUMBER | |
| Classification number | HD31.K55 |
| 245 ## - TITLE STATEMENT | |
| Title | Management: a practical introduction. / |
| Statement of responsibility, etc. | Angelo Kinicki and Brian K. Williams |
| 250 ## - EDITION STATEMENT | |
| Edition statement | 7th ed. |
| 260 ## - PUBLICATION, DISTRIBUTION, ETC. | |
| Place of publication, distribution, etc. | New York: |
| Name of publisher, distributor, etc. | McGraw-Hill, |
| Date of publication, distribution, etc. | 2016. |
| 300 ## - PHYSICAL DESCRIPTION | |
| Extent | xl, 547 + various pagings : |
| Other physical details | ill. (colour); |
| 500 ## - GENERAL NOTE | |
| General note | Includes chapter notes, bibliographical references, and index. |
| 505 ## - FORMATTED CONTENTS NOTE | |
| Formatted contents note | Contents: Part 1 Introduction: Exceptional manager: what you do , how you do it -- Management theory -- <br/>Part 2 - The environment of management: The manager's changing work environment -- Global management <br/>Part 3 Planning: Planning- the foundation of successful management -- Individual and group decision making -- <br/>Part 4 Organizing: Organizational culture, structure and design -- Human resource management -- Organizational change and innovation -- <br/>Part 5 Leading: Managing individual differences and behavior -- Motivating employees -- Groups and teams --<br/>Power, influence and leadership -- Interpersonal and organizational communication --<br/>Part 6 Controlling: Control systems and quality management <br/>Appendix - The project manager's toolkit<br/> |
| 650 ## - SUBJECT ADDED ENTRY--TOPICAL TERM | |
| Topical term or geographic name entry element | Management. |
| 942 ## - ADDED ENTRY ELEMENTS (KOHA) | |
| Source of classification or shelving scheme | Library of Congress Classification |
| Koha item type | Books |
| Withdrawn status | Lost status | Source of classification or shelving scheme | Damaged status | Not for loan | Home library | Current library | Shelving location | Date acquired | Total Checkouts | Full call number | Barcode | Date last seen | Copy number | Price effective from | Koha item type |
|---|---|---|---|---|---|---|---|---|---|---|---|---|---|---|---|
| Dewey Decimal Classification | WISCONSIN INTERNATIONAL UNIVERSITY COLLEGE, GHANA KUMASI LIBRARY | WISCONSIN INTERNATIONAL UNIVERSITY COLLEGE, GHANA KUMASI LIBRARY | General Stacks | 20/12/2020 | HD31.K55(7e) | K/2860/0012/20 | 29/04/2021 | 1 | 29/04/2021 | Books | |||||
| Dewey Decimal Classification | WISCONSIN INTERNATIONAL UNIVERSITY COLLEGE, GHANA KUMASI LIBRARY | WISCONSIN INTERNATIONAL UNIVERSITY COLLEGE, GHANA KUMASI LIBRARY | General Stacks | 20/12/2020 | HD31.K551(7e) | K/2861/0013/20 | 29/04/2021 | 2 | 29/04/2021 | Books | |||||
| Dewey Decimal Classification | WISCONSIN INTERNATIONAL UNIVERSITY COLLEGE, GHANA KUMASI LIBRARY | WISCONSIN INTERNATIONAL UNIVERSITY COLLEGE, GHANA KUMASI LIBRARY | General Stacks | 20/12/2020 | HD31.K552(7e) | K/2862/0014/20 | 29/04/2021 | 3 | 29/04/2021 | Books | |||||
| Dewey Decimal Classification | WISCONSIN INTERNATIONAL UNIVERSITY COLLEGE, GHANA KUMASI LIBRARY | WISCONSIN INTERNATIONAL UNIVERSITY COLLEGE, GHANA KUMASI LIBRARY | General Stacks | 20/12/2020 | HD31.K553(7e) | K/2863/0015/20 | 29/04/2021 | 4 | 29/04/2021 | Books |
